|
|
|
|
| LEADER |
00000cam a2200000 7i4500 |
| 001 |
0000278199 |
| 005 |
20210603095413.0 |
| 006 |
a ###j ### |
| 007 |
t |
| 008 |
210603t a j eng # |
| 020 |
|
|
|a 9781938093685
|
| 040 |
|
|
|a MBPJ
|b eng
|c MBPJ
|e rda
|
| 090 |
0 |
0 |
|a JF
|b MOR
|
| 100 |
1 |
|
|a Mora, Julissa ,
|e author
|
| 245 |
1 |
0 |
|a Hello, BABY ANIMALS :
|b A High-Contrast Book
|c Art by Julissa Mora
|
| 264 |
|
0 |
|a Baltimore :
|b Duopress,LLC
|c 2017
|
| 300 |
|
|
|a 1 volume (various pagings) :
|b illustrations ;
|c 16 cm.
|
| 336 |
|
|
|a still image
|2 rdacontent
|
| 336 |
|
|
|a text
|2 rdacontent
|
| 337 |
|
|
|a unmediated
|2 rdamedia
|
| 338 |
|
|
|a volume
|2 rdacarrier
|
| 650 |
|
0 |
|a Children's stories
|
| 999 |
|
|
|a 00391408
|b BUKU
|c PINJAMAN
|e PERPUSTAKAAN KOMUNITI PETALING JAYA
|